000 00552nam a2200193Ia 4500
005 20260415160320.0
008 008 250505s9999 xx 000 0 eng d
037 _aTextual
040 _aFEDL
_beng
_cFEDL
041 _aeng
_2eng
084 _a170.1 QUI
_qFEDL
100 _aQuillian William F.
_9755613
245 0 _aMoral theory of evolutionary naturalism
260 _aNew Haven
_bYale University Press
_c1945
300 _axiii,154p
650 _aEthics
942 _cTEXL
_h170.1 QUI
999 _c1321595
_d1321595